Music Quiz

Random Music or Song Quiz

Green Day Songs Quiz Stats

 Plays Quiz Updated Sep 1, 2016

Score 0/169 Timer 15:00
9 Plays Today
Album % Correct
American IdiotAmerican Idiot
91.1%
American IdiotBoulevard of Broken Dreams
81.9%
DookieBasket Case
81.4%
American IdiotHoliday
81.3%
American IdiotJesus of Suburbia
79.2%
WarningWarning
77.5%
DookieShe
77.3%
American IdiotWake Me Up When September Ends
75.8%
NimrodGood Riddance (Time of Your Life)
75.6%
American IdiotSt. Jimmy
72.8%
21st Century Breakdown21st Century Breakdown
72.5%
21st Century Breakdown21 Guns
72.3%
KerplunkWelcome to Paradise
72%
DookieWelcome to Paradise
72%
DookieLongview
71.2%
DookieWhen I Come Around
69.7%
Revolution RadioRevolution Radio
69.4%
American IdiotWhatsername
67.6%
American IdiotHomecoming
66.9%
InsomniacBrain Stew
66.5%
Revolution RadioBang Bang
65.1%
American IdiotAre We the Waiting
64.4%
American IdiotShe's a Rebel
63.8%
American IdiotLetterbomb
63.8%
WarningMinority
63.7%
American IdiotGive Me Novacaine
63.3%
21st Century BreakdownKnow Your Enemy
63.1%
DookieBurnout
61.4%
WarningWaiting
59.2%
NimrodHitchin' a Ride
59.1%
American IdiotExtraordinary Girl
58.9%
21st Century Breakdown¿Viva la Gloria? (Little Girl)
58.4%
InsomniacJaded
58.4%
DookieF.O.D.
58.1%
21st Century Breakdown¡Viva la Gloria!
58%
NimrodNice Guys Finish Last
57.7%
WarningMacy's Day Parade
55.2%
21st Century BreakdownSong of the Century
54.9%
DookieChump
54.4%
Revolution RadioStill Breathing
53.2%
Kerplunk2,000 Light Years Away
53.1%
InsomniacGeek Stink Breath
53%
InsomniacWalking Contradiction
52%
DookieHaving a Blast
51.7%
¡Uno!Oh Love
51.6%
NimrodKing for a Day
50.8%
¡Uno!Kill the DJ
50.8%
21st Century BreakdownEast Jesus Nowhere
50.7%
Insomniac86
50.4%
21st Century BreakdownLast of the American Girls
49.8%
DookiePulling Teeth
49.8%
Revolution RadioOrdinary World
49.1%
1039/Smoothed Out Slappy HoursGreen Day
48.6%
1039/Smoothed Out Slappy HoursAt the Library
48.5%
¡Uno!Nuclear Family
48.4%
NimrodRedundant
48%
Kerplunk80
47.4%
Album % Correct
Revolution RadioSomewhere Now
47.2%
DookieSassafras Roots
46.6%
21st Century BreakdownChristian's Inferno
46.4%
WarningBlood, Sex and Booze
46.4%
DookieComing Clean
46.3%
Revolution RadioYoungblood
46%
Revolution RadioForever Now
45.7%
DookieIn the End
45.7%
21st Century BreakdownAmerican Eulogy (Mass Hysteria/Modern World)
45.4%
WarningChurch on Sunday
45%
¡Dos!Amy
44.8%
¡Dos!**** Time
44%
NimrodPlatypus (I Hate You)
43.9%
1039/Smoothed Out Slappy HoursRest
43.6%
21st Century BreakdownBefore the Lobotomy
43.5%
21st Century BreakdownSee the Light
43.4%
NimrodThe Grouch
43.4%
21st Century BreakdownLast Night on Earth
43.2%
WarningMisery
42.9%
21st Century BreakdownHorseshoes and Handgrenades
42.8%
DookieEmenius Sleepus
42.7%
KerplunkChristie Road
42.3%
21st Century BreakdownPeacemaker
42%
InsomniacBrat
41.8%
Revolution RadioOutlaws
41.8%
Revolution RadioTroubled Times
41%
Revolution RadioToo Dumb to Die
40.9%
21st Century BreakdownMurder City
40.9%
WarningCastaway
40.7%
InsomniacArmatage Shanks
40.5%
Revolution RadioSay Goodbye
40.4%
¡Uno!Stay the Night
40.3%
¡Dos!Stray Heart
40.1%
21st Century BreakdownThe Static Age
40%
¡Uno!Let Yourself Go
39.3%
Revolution RadioBouncing Off the Wall
39.1%
¡Tré!X-Kid
38.6%
21st Century BreakdownRestless Heart Syndrome
38.4%
NimrodProsthetic Head
38.3%
NimrodScattered
38.3%
1039/Smoothed Out Slappy Hours16
38.1%
¡Tré!99 Revolutions
38.1%
NimrodJinx
37.6%
InsomniacStuck with Me
37.5%
WarningFashion Victim
37.4%
WarningDeadbeat Holiday
37.3%
NimrodHaushinka
37%
WarningJackass
36.5%
¡Tré!Amanda
36.4%
KerplunkWho Wrote Holden Caulfield?
36.4%
InsomniacPanic Song
36.3%
KerplunkDominated Love Slave
36.3%
¡Uno!Carpe Diem
35.9%
NimrodLast Ride In
35.7%
¡Tré!The Forgotten
35.5%
¡Tré!Brutal Love
35.3%
1039/Smoothed Out Slappy HoursGoing to Pasalacqua
35.2%
Album % Correct
KerplunkOne for the Razorbacks
35.1%
¡Dos!Ashley
34.6%
1039/Smoothed Out Slappy HoursPaper Lanterns
34.2%
InsomniacStuart and the Ave.
34.1%
KerplunkAndroid
34.1%
¡Dos!Nightlife
33.7%
1039/Smoothed Out Slappy Hours1000 Hours
33.5%
NimrodWorry Rock
33.5%
¡Uno!Sweet 16
33.3%
¡Uno!Rusty James
32.7%
InsomniacBab's Uvula Who?
32.6%
NimrodTake Back
32.2%
1039/Smoothed Out Slappy HoursThe Judge's Daughter
31.9%
¡Tré!Dirty Rotten Bastards
31.9%
1039/Smoothed Out Slappy HoursDry Ice
31.8%
WarningHold On
31.7%
¡Uno!Angel Blue
31.7%
1039/Smoothed Out Slappy HoursDon't Leave Me
31.7%
InsomniacWestbound Sign
31.5%
¡Dos!Stop When The Red Lights Flash
31.5%
1039/Smoothed Out Slappy Hours409 In Your Coffeemaker
31.5%
NimrodWalking Alone
31.4%
¡Dos!Lady Cobra
31.2%
InsomniacTight Wad Hill
31.1%
NimrodReject
30.9%
KerplunkOne of My Lies
30.9%
1039/Smoothed Out Slappy HoursI Was There
30.7%
¡Uno!Troublemaker
30.3%
NimrodAll the Time
30.1%
NimrodUptight
29.9%
1039/Smoothed Out Slappy HoursKnowledge
29.7%
¡Dos!See You Tonight
29.4%
1039/Smoothed Out Slappy HoursDisappearing Boy
29.2%
¡Dos!Lazy Bones
28.8%
¡Tré!A Little Boy Named Train
28.8%
InsomniacNo Pride
28.7%
¡Tré!Missing You
28.6%
1039/Smoothed Out Slappy HoursWhy Do You Want Him
28%
¡Tré!Sex, Drugs And Violence
27.8%
¡Uno!Fell for You
27.8%
KerplunkPrivate Ale
27.8%
¡Dos!Makeout Party
27.6%
KerplunkNo One Knows
27.6%
¡Dos!Wow! That's Loud
27.2%
¡Tré!Drama Queen
26.5%
KerplunkWords I Might Have Ate
26.3%
1039/Smoothed Out Slappy HoursI Want To Be Alone
26.2%
¡Dos!Baby Eyes
24.5%
¡Uno!Loss of Control
24.4%
¡Tré!8th Avenue Serenade
24.1%
1039/Smoothed Out Slappy HoursOnly Of You
24%
1039/Smoothed Out Slappy HoursRoad to Acceptance
23.4%
1039/Smoothed Out Slappy HoursThe One I Want
22.7%
¡Tré!Walk Away
22.5%
¡Dos!Wild One
22.4%

You're not logged in!

Compare scores with friends on all Sporcle quizzes.
OR
Log In

Sporcle TV

Today on Sporcle TV


Watch our educational content, quiz creation guides, and fun videos on Sporcle TV.

Show Comments

Extras

Top Quizzes Today


Score Distribution

Your Account Isn't Verified!

In order to create a playlist on Sporcle, you need to verify the email address you used during registration. Go to your Sporcle Settings to finish the process.

Report this User

Report this user for behavior that violates our Community Guidelines.

Details: